| 000 | 00675nam a2200217 i 4500 | ||
|---|---|---|---|
| 001 | bg | ||
| 100 | 1 | _aKOPEĆ, Zenon | |
| 245 | 0 |
_aMikroelektroniczne układy hybrydowe cienkowarstwowe / _cZenon Kopeć, Stanisław Sabaj, Bogusław Stępień. |
|
| 260 |
_aWarszawa, _c1980. |
||
| 490 | 1 | _aMikroelektronika | |
| 650 | 9 | _aUkłady scalone | |
| 700 | 1 | _aSABAJ, Stanisław | |
| 700 | 1 | _aSTĘPIEŃ, Bogusław | |
| 830 | _aMikroelektronika | ||
| 040 | _cBPK | ||
| 041 | _apol | ||
| 080 | _a621.3.049 | ||
| 942 | _cKS | ||
| 008 | s pl f |000 0 pol | ||
| 856 |
_uhttp://koha.tu.koszalin.pl/cgi-bin/koha/opac-detail.pl?biblionumber=19790 _yKatalog online BPK |
||
| 999 |
_c19790 _d19790 |
||